000 01666nam a22004693 4500
001 22068
003 VRT
005 20260318163339.0
008 250326s2025 xo g 000 1 slo d
020 _a9788083050105
_q(viazané)
035 _aa000767331
039 9 _a202508251126
_bizakovicm
_c202508181231
_dfuskovaz
_c202503261139
_dKCiconova
040 _aUKB
_bslo
_dUKB
_erda
041 1 _aslo
_heng
044 _axo
_cSK
072 7 _a821.111(73)-3
_xAmerická próza
_2konspekt
080 _a821.111(73)-31
_22011
080 _a(0:82-312.4)
_22011
080 _a(0.038)
_22011
100 1 _aRegan, Lisa,
_d1971-
_4aut
240 1 0 _aFind her alive.
_lSlovensky
245 1 0 _aPreterky s časom
_cLisa Reganová ; z anglického originálu Find her alive ... preložila Katarína Kvoriaková
246 1 _iSéria:
_aDetektívka Josie Quinnová
_n8. diel
250 _aVydanie 1.
264 1 _aBratislava
_bGrada Slovakia s.r.o. - Cosmopolis
_c2025
300 _a368 strán
336 _atext
_btxt
_2rdacontent
337 _abez média
_bn
_2rdamedia
338 _azväzok
_bnc
_2rdacarrier
490 1 _aSvetový bestseller
500 _aVydala Grada Slovakia, s.r.o. pod značkou Cosmopolis
600 1 7 _aQuinn, Josie
_c(fiktívna postava)
_2UKBPH
655 7 _aamerické romány
_2UKBPH
655 7 _adetektívne romány
_2UKBPH
655 7 _athrillery (romány)
_2UKBPH
700 1 _aKvoriaková, Katarína
_4trl
830 0 _aSvetový bestseller
942 _2ddc
_cKLDO
_n0
949 _61800969658
_aSJ.D.43243
_bPV.2025-2169
949 _61800969659
_a33.D.72918
_bPV.2025-2170
980 _aGrada Slovakia, s.r.o., Moskovská 29, 811 08 Bratislava
999 _c22068
_d22068